Adivina la MILF ficticia - Estadísticas

Estadísticas generales
  • Esta prueba ha sido intentada 41 veces
  • La puntuación promedio es 5 de 16
Estadísticas de respuestas
Imagen Respuesta % Correcto
Maléfica
89%
Marge Simpson
82%
Cruella de Vil
79%
Mrs. Increíble
47%
Lois Griffin
37%
Señora Patata
34%
Tía Turbina
32%
Madre Gothel
26%
Tía Cass
26%
Yzma
26%
Hada Mary
13%
m&m marrón
13%
Sargento Calhoun
11%
Chicha
8%
Ming Lee
8%
Sara Bellum
5%
No se encontraron pruebas coincidentes
Distribución de puntuación
Porcentaje de gente con cada puntuación
Porcentaje por número respondido
Historial de tus puntuaciones
No has intentado esta prueba.